[Event "EU-Cup 39th"]
[Site "Vrnjacka Banja"]
[Date "2024.10.23"]
[Round "4.2"]
[White "Braeutigam, Alexander"]
[Black "Kosta, Kelvin"]
[Result "1/2-1/2"]
[WhiteElo "2104"]
[BlackElo "1990"]
[PlyCount "65"]
[EventDate "2024.10.20"]
[EventType "team-swiss"]
[EventRounds "7"]
[EventCountry "SRB"]
[SourceTitle "CB44_2024"]
[Source "Chessbase"]
[SourceDate "2024.10.30"]
[SourceVersion "1"]
[SourceVersionDate "2024.10.30"]
[SourceQuality "1"]
[WhiteTeam "Kiel Doppelbauer"]
[BlackTeam "Butrinti"]
[WhiteTeamCountry "GER"]
[BlackTeamCountry "KOS"]

1. c4 e5 2. Nc3 Nc6 3. Nf3 f5 4. d3 Nf6 5. g3 Bb4 6. Bd2 0-0 7. a3 Bxc3 8. Bxc3 Qe7 9. Bg2 Kh8 10. 0-0 d6 11. e3 Be6 12. b4 Qd7 13. Qc2 Ne7 14. Ng5 c6 15. Nxe6 Qxe6 16. f4 Rae8 17. Rae1 Ng6 18. Bh3 e4 19. Bxf6 Qxf6 20. d4 Ne7 21. Rf2 h5 22. Qd1 g6 23. Bf1 h4 24. Rg2 hxg3 25. hxg3 Kg7 26. Kf2 Rh8 27. Be2 Rh3 28. Rh1 Reh8 29. Rxh3 Rxh3 30. Rg1 Rh2+ 31. Rg2 Rh3 32. Rg1 Rh2+ 33. Rg2 1/2-1/2

[Event "World ol U16"]
[Site "Eindhoven"]
[Date "2023.08.18"]
[Round "9.26"]
[White "La Fleur, Juninho"]
[Black "Kosta, Kelvin"]
[Result "0-1"]
[WhiteElo "1444"]
[BlackElo "1940"]
[PlyCount "86"]
[EventDate "2023.08.13"]
[EventType "team-swiss"]
[EventRounds "9"]
[EventCountry "NED"]
[SourceTitle "CBM 215 Extra"]
[Source "ChessBase"]
[SourceDate "2023.09.30"]
[SourceVersion "1"]
[SourceVersionDate "2023.09.30"]
[SourceQuality "1"]
[WhiteTeam "Trinidad and Tobago"]
[BlackTeam "Albania"]
[WhiteTeamCountry "TRI"]
[BlackTeamCountry "ALB"]

1. e4 c6 2. d4 d5 3. exd5 cxd5 4. Bd3 Nc6 5. c3 Nf6 6. Bf4 g6 7. Nd2 Bg7 8. Ngf3 Bf5 9. Bxf5 gxf5 10. 0-0 e6 11. Re1 0-0 12. Bg5 Qb6 13. Bxf6 Bxf6 14. Rb1 Kh8 15. Ne5 Bxe5 16. dxe5 Rg8 17. Qh5 Rg7 18. Qh4 Rag8 19. Kh1 Rxg2 20. Re3 R8g6 21. Nf3 R2g4 22. Qh5 f4 23. Re2 Qa6 24. Rbe1 Qd3 25. Qh3 Rh4 26. Nxh4 Qxh3 27. Nxg6+ hxg6 28. f3 Qxf3+ 29. Kg1 Ne7 30. Rf2 Qg4+ 31. Rg2 Qh4 32. Rf1 Nf5 33. Rf3 Qe1+ 34. Rf1 Qe3+ 35. Rgf2 Nh4 36. a3 f3 37. Kh1 Qxe5 38. a4 g5 39. a5 g4 40. b4 Qxc3 41. b5 e5 42. a6 bxa6 43. b6 axb6 0-1

[Event "Konjic op 12th"]
[Site "Konjic"]
[Date "2023.03.03"]
[Round "4"]
[White "Cansu, Batuhan"]
[Black "Kosta, Kelvin"]
[Result "1-0"]
[WhiteElo "2014"]
[BlackElo "1950"]
[PlyCount "147"]
[EventDate "2023.03.01"]
[EventType "swiss"]
[EventRounds "7"]
[EventCountry "BIH"]
[SourceTitle "CBM 213 Extra"]
[Source "ChessBase"]
[SourceDate "2023.05.31"]
[SourceVersion "1"]
[SourceVersionDate "2023.05.31"]
[SourceQuality "1"]

1. d4 Nf6 2. Nf3 e6 3. g3 c5 4. Bg2 Nc6 5. 0-0 d5 6. c4 dxc4 7. Ne5 Nxe5 8. dxe5 Qxd1 9. Rxd1 Nd7 10. Na3 a6 11. Nxc4 Be7 12. a4 Rb8 13. a5 0-0 14. Ra3 b6 15. axb6 Nxb6 16. Rb3 Nd7 17. Rxb8 Nxb8 18. Nb6 Bd7 19. Nxd7 Rd8 20. Be3 Rxd7 21. Ra1 f6 22. f4 Kf7 23. Be4 Rc7 24. Kf1 h6 25. h4 Ra7 26. exf6 gxf6 27. Ra5 Rc7 28. f5 exf5 29. Bf4 Rc8 30. Bxf5 Rd8 31. Bxh6 Bd6 32. g4 Rh8 33. g5 fxg5 34. hxg5 Be7 35. Ra4 Rg8 36. g6+ Kf6 37. Bd3 Bd6 38. Bd2 Be5 39. b4 c4 40. Bxc4 Rxg6 41. Bxa6 Bd4 42. e3 Bb6 43. Bd3 Rg4 44. Bc3+ Ke6 45. Kf2 Nd7 46. Ra8 Kd6 47. Rh8 Kc6 48. Rh6+ Kc7 49. Rh7 Rg5 50. Kf3 Kd6 51. Rh6+ Kc7 52. Be4 Rg1 53. Rc6+ Kd8 54. Bf5 Rf1+ 55. Ke4 Bc7 56. Rh6 Nf8 57. Bg7 Ke7 58. Bd4 Kf7 59. b5 Rb1 60. b6 Bd8 61. Rc6 Rb4 62. Kd3 Rb5 63. e4 Ke7 64. Bf6+ Ke8 65. Bxd8 Kxd8 66. Kd4 Ke7 67. e5 Rb2 68. Rc7+ Kd8 69. Kc5 Re2 70. Rc8+ Ke7 71. b7 Rxe5+ 72. Kc4 Kf6 73. Rxf8+ Ke7 74. Re8+ 1-0

[Event "Konjic op 12th"]
[Site "Konjic"]
[Date "2023.03.02"]
[Round "2"]
[White "Rama, Lorenc"]
[Black "Kosta, Kelvin"]
[Result "1-0"]
[WhiteElo "2125"]
[BlackElo "1950"]
[PlyCount "153"]
[EventDate "2023.03.01"]
[EventType "swiss"]
[EventRounds "7"]
[EventCountry "BIH"]
[SourceTitle "CBM 213 Extra"]
[Source "ChessBase"]
[SourceDate "2023.05.31"]
[SourceVersion "1"]
[SourceVersionDate "2023.05.31"]
[SourceQuality "1"]

1. c4 c6 2. Nf3 d5 3. g3 Nf6 4. Bg2 g6 5. 0-0 Bg7 6. d4 0-0 7. Nc3 e6 8. b3 c5 9. cxd5 Nxd5 10. Nxd5 exd5 11. Be3 cxd4 12. Bxd4 Nc6 13. Bxg7 Kxg7 14. Qd2 Be6 15. Nd4 Qf6 16. Nxc6 bxc6 17. Rac1 Rac8 18. Rc5 Bf5 19. Rfc1 Rfe8 20. e3 Red8 21. b4 a6 22. a3 Rd6 23. Ra5 Ra8 24. Rac5 Rc8 25. Qd4 Bd7 26. Bf1 Qxd4 27. exd4 Ra8 28. Ra5 Bc8 29. f3 Kf6 30. Kf2 Bb7 31. Rcc5 Ra7 32. Rc2 Ke7 33. Bh3 f5 34. Re2+ Re6 35. Re5 Kd6 36. f4 Ra8 37. Ke3 h5 38. Bf1 Ree8 39. Kd2 Rh8 40. h4 Rh7 41. Kc3 Re7 42. Kb3 Bc8 43. Rc5 Be6 44. Ka4 Rc7 45. Ka5 Bd7 46. Bg2 Rb7 47. Bf1 Rba7 48. Rc3 Rb7 49. Rce3 Rb5+ 50. Ka4 Rbb8 51. Re7 c5+ 52. Rxd7+ Kxd7 53. dxc5 Re8 54. Rd3 Kc6 55. Bg2 Rad8 56. Ka5 Re7 57. Bf3 Kc7 58. Rxd5 Re3 59. a4 Rde8 60. Bd1 R8e6 61. b5 axb5 62. axb5 R6e4 63. Ba4 Ra3 64. b6+ Kc8 65. Rd6 Rexa4+ 66. Kb5 Ra5+ 67. Kc6 Rb3 68. Rxg6 Kd8 69. Rg5 Ke7 70. Rxf5 Rxg3 71. b7 Rg6+ 72. Kc7 Ra7 73. Rxh5 Kf6 74. Kb6 Ra2 75. c6 Ke6 76. b8Q Rb2+ 77. Rb5 1-0

[Event "EU-ch Cities&Town op"]
[Site "Tornelo INT"]
[Date "2023.01.29"]
[Round "?"]
[White "Tepelenis, Nikolaos"]
[Black "Kosta, Kelvin"]
[Result "0-1"]
[WhiteElo "2096"]
[BlackElo "1950"]
[PlyCount "64"]
[EventDate "2023.01.29"]
[EventType "team-swiss"]
[EventRounds "9"]
[EventCountry "NET"]
[SourceTitle "CBM 212 Extra"]
[Source "ChessBase"]
[SourceDate "2023.03.31"]
[SourceVersion "1"]
[SourceVersionDate "2023.03.31"]
[SourceQuality "1"]
[WhiteTeam "Ioannina"]
[BlackTeam "Butrinti"]
[WhiteTeamCountry "GRE"]
[BlackTeamCountry "ALB"]

1. d4 Nf6 2. Nf3 e6 3. e3 d5 4. c4 c6 5. Nbd2 Be7 6. Bd3 0-0 7. 0-0 Nbd7 8. e4 dxe4 9. Nxe4 Nxe4 10. Bxe4 Nf6 11. Bc2 c5 12. Bg5 cxd4 13. Qd3 g6 14. Rad1 Nd7 15. Bxe7 Qxe7 16. Qxd4 b6 17. Qd6 Qxd6 18. Rxd6 Nf6 19. Ne5 Bb7 20. f3 Rac8 21. Ba4 Rc5 22. Re1 Ba6 23. b4 Rc7 24. Bc6 Ne8 25. Rd7 f6 26. Rxc7 Nxc7 27. Nd7 Rf7 28. c5 b5 29. Rd1 Bc8 30. Nb8 Rf8 31. Bd7 Bb7 32. Nc6 Kf7 0-1

[Event "Francophonie-chT Rapid"]
[Site "Tornelo INT"]
[Date "2022.06.04"]
[Round "4.7"]
[White "Kosta, Kelvin"]
[Black "Wang, Rachel Zihan"]
[Result "1/2-1/2"]
[WhiteElo "1720"]
[BlackElo "1545"]
[PlyCount "84"]
[EventDate "2022.06.04"]
[EventType "team-swiss (rapid)"]
[EventRounds "11"]
[EventCountry "FRA"]
[SourceTitle "CBM 208 Extra"]
[Source "ChessBase"]
[SourceDate "2022.07.31"]
[SourceVersion "1"]
[SourceVersionDate "2022.07.31"]
[SourceQuality "1"]
[WhiteTeam "Albania II"]
[BlackTeam "Quebec II"]
[WhiteTeamCountry "ALB"]
[BlackTeamCountry "CAN"]

1. e4 c5 2. Nf3 Nc6 3. d4 cxd4 4. Nxd4 Nf6 5. Nc3 e5 6. Nb3 Bb4 7. Bg5 Bxc3+ 8. bxc3 h6 9. Bxf6 Qxf6 10. Bc4 0-0 11. 0-0 d6 12. Qd3 Be6 13. Bxe6 Qxe6 14. Rad1 Rfd8 15. Rd2 a5 16. a4 Ne7 17. Qb5 d5 18. Rfd1 Qc6 19. exd5 Qxb5 20. axb5 a4 21. Nc5 b6 22. Na6 Rac8 23. d6 Nf5 24. Rd3 e4 25. Rd5 g6 26. Nb4 Rxc3 27. d7 Ne7 28. Re5 Kf8 29. Rxe7 Kxe7 30. Nc6+ Rxc6 31. bxc6 a3 32. Kf1 a2 33. Ke2 a1Q 34. Rxa1 Kd6 35. Ra4 Kxc6 36. Rxe4 Rxd7 37. f4 Kd5 38. Re3 Kc4 39. g3 h5 40. h3 b5 41. g4 hxg4 42. hxg4 Rd6 1/2-1/2

[Event "EU-ch Hybrid U14"]
[Site "Tornelo INT"]
[Date "2021.10.15"]
[Round "8"]
[White "Strand, Vetle Bjorge"]
[Black "Kosta, Kelvin"]
[Result "1-0"]
[WhiteElo "1833"]
[BlackElo "1293"]
[PlyCount "53"]
[EventDate "2021.10.15"]
[EventType "swiss"]
[EventRounds "9"]
[EventCountry "NET"]
[SourceTitle "EXT 2023"]
[Source "ChessBase"]
[SourceDate "2022.10.05"]
[SourceVersion "1"]
[SourceVersionDate "2022.10.05"]
[SourceQuality "1"]
[WhiteTeam "Norway"]
[BlackTeam "Albania"]
[WhiteTeamCountry "NOR"]
[BlackTeamCountry "ALB"]

1. d4 Nf6 2. Bf4 e6 3. e3 d5 4. Nf3 Bd6 5. Bg3 b6 6. Nbd2 Bb7 7. Bd3 h6 8. Ne5 Nbd7 9. f4 Ne4 10. Nxe4 dxe4 11. Bb5 Bxe5 12. fxe5 c6 13. Ba4 Qg5 14. Qe2 a5 15. c4 0-0 16. 0-0 Rac8 17. Rf4 f5 18. exf6 Nxf6 19. Bh4 Qg6 20. Raf1 c5 21. Bxf6 Rxf6 22. Rxf6 gxf6 23. Bd7 cxd4 24. Bxe6+ Kg7 25. Bxc8 Bxc8 26. exd4 Bg4 27. Qf2 1-0

[Event "World Cup U14 Prel"]
[Site "Tornelo INT"]
[Date "2021.08.11"]
[Round "6"]
[White "Kosta, Kelvin"]
[Black "Ofile, Masilo"]
[Result "0-1"]
[WhiteElo "1247"]
[BlackElo "1506"]
[PlyCount "94"]
[EventDate "2021.08.11"]
[EventType "swiss (rapid)"]
[EventRounds "10"]
[EventCountry "NET"]
[SourceTitle "EXT 2025"]
[Source "ChessBase"]
[SourceDate "2024.10.14"]
[SourceVersion "1"]
[SourceVersionDate "2024.10.14"]
[SourceQuality "1"]

1. e4 c5 2. Nf3 d6 3. Bb5+ Bd7 4. Bxd7+ Qxd7 5. Nc3 Nf6 6. 0-0 g6 7. d4 cxd4 8. Nxd4 Bg7 9. Be3 0-0 10. h3 Nc6 11. Nde2 Rac8 12. f4 a6 13. Qd2 b5 14. a3 Qc7 15. f5 Rfe8 16. Bh6 Bh8 17. g4 Ne5 18. Rab1 Qc6 19. Qf4 a5 20. b4 a4 21. fxg6 hxg6 22. g5 Nh5 23. Qf2 e6 24. Rbc1 Rc7 25. Kh2 Nc4 26. Ra1 Ne5 27. Rac1 d5 28. exd5 exd5 29. Rcd1 Rd7 30. Qe3 Re6 31. Nd4 Qc7 32. Kg1 Ree7 33. Ndxb5 Qb8 34. Qc5 Nc4 35. Rf3 Ne5 36. Rf2 Qd8 37. Nxd5 Re8 38. Nbc3 Qa8 39. Ne4 Rc8 40. Ne7+ Rxe7 41. Qxe7 Qxe4 42. Rd8+ Rxd8 43. Qxd8+ Kh7 44. Qd1 Qe3 45. Qe2 Qg3+ 46. Rg2 Qxh3 47. Qa6 Qxa3 0-1

[Event "World Cup U14 Prel"]
[Site "Tornelo INT"]
[Date "2021.08.11"]
[Round "4"]
[White "Kosta, Kelvin"]
[Black "Ramaj, Ergit"]
[Result "1-0"]
[WhiteElo "1247"]
[BlackElo "1537"]
[PlyCount "53"]
[EventDate "2021.08.11"]
[EventType "swiss (rapid)"]
[EventRounds "10"]
[EventCountry "NET"]
[SourceTitle "EXT 2025"]
[Source "ChessBase"]
[SourceDate "2024.10.14"]
[SourceVersion "1"]
[SourceVersionDate "2024.10.14"]
[SourceQuality "1"]

1. e4 d5 2. exd5 Qxd5 3. c4 Qd8 4. Nc3 Nf6 5. d4 Bg4 6. Be2 Bxe2 7. Ngxe2 e6 8. 0-0 Be7 9. h3 h6 10. Be3 0-0 11. Qc2 Na6 12. a3 c5 13. Rad1 Qc7 14. Bf4 Qc8 15. d5 exd5 16. cxd5 Nd7 17. d6 Bf6 18. Nd5 Re8 19. Rfe1 Kh8 20. b3 Be5 21. Ne7 Qd8 22. Bxe5 Nxe5 23. Qf5 f6 24. Nf4 Nc7 25. Rxe5 fxe5 26. Nfg6+ Kh7 27. Nf8+ 1-0

[Event "World Cup U14 Prel"]
[Site "Tornelo INT"]
[Date "2021.08.11"]
[Round "8"]
[White "Kosta, Kelvin"]
[Black "Willder, Matthew"]
[Result "1-0"]
[WhiteElo "1247"]
[BlackElo "1555"]
[PlyCount "107"]
[EventDate "2021.08.11"]
[EventType "swiss (rapid)"]
[EventRounds "10"]
[EventCountry "NET"]
[SourceTitle "EXT 2025"]
[Source "ChessBase"]
[SourceDate "2024.10.14"]
[SourceVersion "1"]
[SourceVersionDate "2024.10.14"]
[SourceQuality "1"]

1. e4 e5 2. Nf3 Nf6 3. Nc3 Nc6 4. Bc4 Nxe4 5. Nxe4 d5 6. Nc3 dxc4 7. 0-0 Bg4 8. h3 Bh5 9. Re1 Be7 10. Re4 f5 11. Re3 e4 12. g4 fxg4 13. hxg4 Bxg4 14. Rxe4 Bxf3 15. Qxf3 Rf8 16. Qh5+ Kd7 17. Qg4+ Ke8 18. Qh5+ g6 19. Qxh7 Kd7 20. Qh3+ Rf5 21. d4 Qh8 22. Qxh8 Rxh8 23. Bf4 Rhf8 24. Bg3 Bd6 25. Rae1 Bxg3 26. fxg3 Rf3 27. d5 Nb8 28. Re7+ Kd8 29. Kg2 Rf2+ 30. Kh3 Rh8+ 31. Kg4 Rxc2 32. Nb5 Na6 33. d6 cxd6 34. Nxd6 Nc5 35. Nf7+ Kc8 36. Nxh8 Rxb2 37. Rg7 Rd2 38. Re8+ Rd8 39. Rxd8+ Kxd8 40. Kf3 c3 41. Ke2 Ne6 42. Rxg6 Nd4+ 43. Kd1 c2+ 44. Kc1 Kc7 45. Rg4 Nf5 46. Rc4+ Kb6 47. Rxc2 Nxg3 48. Nf7 Ka5 49. Kb2 b5 50. Nd6 a6 51. a3 Nf1 52. Rc6 Ne3 53. Nb7+ Ka4 54. Rxa6# 1-0

[Event "EU-ch Online U14"]
[Site "Tornelo INT"]
[Date "2020.09.19"]
[Round "5"]
[White "Djurovic, Peko"]
[Black "Kosta, Kelvin"]
[Result "0-1"]
[WhiteElo "1938"]
[BlackElo "1223"]
[PlyCount "78"]
[EventDate "2020.09.18"]
[EventType "swiss (rapid)"]
[EventRounds "9"]
[EventCountry "ENG"]
[SourceTitle "EXT 2023"]
[Source "ChessBase"]
[SourceDate "2022.10.05"]
[SourceVersion "1"]
[SourceVersionDate "2022.10.05"]
[SourceQuality "1"]
[WhiteTeam "Montenegro"]
[BlackTeam "Albania"]
[WhiteTeamCountry "MNE"]
[BlackTeamCountry "ALB"]

1. e4 d6 2. d4 c6 3. Nc3 g6 4. Nf3 Bg4 5. Be2 Bg7 6. 0-0 Nd7 7. h3 Bxf3 8. Bxf3 e5 9. d5 c5 10. Nb5 Nb6 11. a4 a6 12. Nc3 Ne7 13. Bg5 0-0 14. b3 Qc7 15. Qd2 Rfe8 16. Bh6 f5 17. Bxg7 Kxg7 18. exf5 Nxf5 19. Be4 Nd4 20. f4 exf4 21. Rxf4 Rf8 22. Raf1 Qe7 23. Bd3 Nd7 24. Ne4 Nf5 25. c3 Ne5 26. Bc2 b5 27. Qf2 Nf7 28. g4 N5h6 29. Rf6 Ng8 30. Re6 Qd7 31. Qh4 Rae8 32. Nf6 Nxf6 33. Qxf6+ Kg8 34. Bxg6 Ne5 35. Rxe8 Rxe8 36. Bxe8 Qxe8 37. Qxd6 Nf7 38. Qe6 Qxe6 39. d6 Qxd6 0-1

[Event "EU-ch Online U14"]
[Site "Tornelo INT"]
[Date "2020.09.19"]
[Round "6"]
[White "Slagboom, Leandro"]
[Black "Kosta, Kelvin"]
[Result "1-0"]
[WhiteElo "1996"]
[BlackElo "1223"]
[PlyCount "63"]
[EventDate "2020.09.18"]
[EventType "swiss (rapid)"]
[EventRounds "9"]
[EventCountry "ENG"]
[SourceTitle "EXT 2023"]
[Source "ChessBase"]
[SourceDate "2022.10.05"]
[SourceVersion "1"]
[SourceVersionDate "2022.10.05"]
[SourceQuality "1"]
[WhiteTeam "Netherlands"]
[BlackTeam "Albania"]
[WhiteTeamCountry "NED"]
[BlackTeamCountry "ALB"]

1. Nf3 d6 2. d4 c6 3. c4 g6 4. Nc3 Bg7 5. g3 Bg4 6. Bg2 Nd7 7. 0-0 Bxf3 8. Bxf3 e6 9. Ne4 Qc7 10. c5 dxc5 11. dxc5 Be5 12. Bf4 Bxf4 13. gxf4 Ne7 14. Nd6+ Kf8 15. Qd4 Kg8 16. e4 h5 17. Rad1 Rd8 18. Kh1 Rh7 19. Rd2 Rg7 20. Rg1 f6 21. Qc4 Kh7 22. b4 e5 23. f5 Kh6 24. Nf7+ Kh7 25. Nxd8 Qxd8 26. Qd3 Ng8 27. Rxg6 Re7 28. Rd1 b6 29. Bxh5 bxc5 30. Be2 Nh6 31. Rxh6+ Kxh6 32. Rg1 1-0